00597cam a22001812 4500001001100000005001700011008004100028020002600069040001500095100003400110245008800144250001300232260004700245300001800292650003900310650003000349700003600379000000843520151217145840.0080411s xx 000 0 eng d a8181472071 :cKES3250 aKABUcKABU1 aRamaswami, Rajiv.@000015899510aOptical networks :ba practical perspective /cRajiv Ramaswami, Kumar N. Sivarajan. a2nd ed. aNew Delhi :bReed Elsevier (India),c2002. axxix, 831 p. 0aOptical communication.@0000157603 0aFiber optics.@00001576041 aSivarajan, Kumar N.@0000158996